RNA Interference (Record no. 17089)

000 -LEADER
fixed length control field 00317nam a22001217a 4500
008 - FIXED-LENGTH DATA ELEMENTS--GENERAL INFORMATION
fixed length control field 140514t xxu||||| |||| 00| 0 eng d
020 ## - INTERNATIONAL STANDARD BOOK NUMBER
International Standard Book Number 978-3-540-75156-4
100 ## - MAIN ENTRY--PERSONAL NAME
Personal name Patric J. Paddison
9 (RLIN) 846
240 ## - UNIFORM TITLE
Uniform title Current topics in microbiology and Immunology
245 ## - TITLE STATEMENT
Title RNA Interference
300 ## - PHYSICAL DESCRIPTION
Extent 273
942 ## - ADDED ENTRY ELEMENTS (KOHA)
Source of classification or shelving scheme
Koha item type Book
Holdings
Withdrawn status Lost status Source of classification or shelving scheme Damaged status Not for loan Collection code Permanent Location Current Location Date acquired Total Checkouts Full call number Barcode Date last seen Date last checked out Price effective from Koha item type
            Atta-ur-Rahman School of Applied Biosciences (ASAB) Atta-ur-Rahman School of Applied Biosciences (ASAB) 12/11/2014 1 620.1 PAD ASAB1014 04/07/2017 10/02/2015 12/11/2014 Book
            Atta-ur-Rahman School of Applied Biosciences (ASAB) Atta-ur-Rahman School of Applied Biosciences (ASAB) 05/14/2014   620.1 PAD ASAB1010 04/07/2017   05/14/2014 Book
            Atta-ur-Rahman School of Applied Biosciences (ASAB) Atta-ur-Rahman School of Applied Biosciences (ASAB) 04/07/2017   620.1 PAD ASAB1011 04/07/2017   04/07/2017 Book
            Atta-ur-Rahman School of Applied Biosciences (ASAB) Atta-ur-Rahman School of Applied Biosciences (ASAB) 04/07/2017   620.1 PAD ASAB1012 04/07/2017   04/07/2017 Book
            Atta-ur-Rahman School of Applied Biosciences (ASAB) Atta-ur-Rahman School of Applied Biosciences (ASAB) 04/07/2017   620.1 PAD ASAB1013 04/07/2017   04/07/2017 Book
© 2023 Central Library, National University of Sciences and Technology. All Rights Reserved.